BIBLIOTECA

SENCICO

Sistemas de lagunas de estabilización : Cómo utilizar aguas residuales tratadas en sistemas de regadío (Registro nro. 1293)

Detalles MARC
000 -LEADER
fixed length control field 00719nam a2200253Ia 4500
005 - DATE AND TIME OF LATEST TRANSACTION
control field 20251020182506.0
008 - FIXED-LENGTH DATA ELEMENTS--GENERAL INFORMATION
fixed length control field 200515s9999 xx 000 0 und d
020 ## - INTERNATIONAL STANDARD BOOK NUMBER
International Standard Book Number 958-41-0090-0
082 ## - DEWEY DECIMAL CLASSIFICATION NUMBER
Classification number 628.36/R78
100 ## - MAIN ENTRY--PERSONAL NAME
Personal name Rolim Mendonça, Sérgio
245 #0 - TITLE STATEMENT
Title Sistemas de lagunas de estabilización : Cómo utilizar aguas residuales tratadas en sistemas de regadío
260 ## - PUBLICATION, DISTRIBUTION, ETC.
Place of publication, distribution, etc. Santafé de Bogotá, D.C.
260 ## - PUBLICATION, DISTRIBUTION, ETC.
Name of publisher, distributor, etc. McGraw-Hill Interamericana
260 ## - PUBLICATION, DISTRIBUTION, ETC.
Date of publication, distribution, etc. 2000
300 ## - PHYSICAL DESCRIPTION
Extent 370 p.
300 ## - PHYSICAL DESCRIPTION
Other physical details il., tbl., graf., map.
500 ## - GENERAL NOTE
General note 1 ejemplar
650 ## - SUBJECT ADDED ENTRY--TOPICAL TERM
Topical term or geographic name entry element AGUA
650 ## - SUBJECT ADDED ENTRY--TOPICAL TERM
Topical term or geographic name entry element AGUAS RESIDUALES
650 ## - SUBJECT ADDED ENTRY--TOPICAL TERM
Topical term or geographic name entry element SISTEMAS DE LAGUNAS
650 ## - SUBJECT ADDED ENTRY--TOPICAL TERM
Topical term or geographic name entry element SISTEMAS DE REGADIO
942 ## - ADDED ENTRY ELEMENTS (KOHA)
Koha item type Libros
Existencias
Fecha de la última vez que lo usaron Pago total Signatura topográfica completa Código de barras Precio efectivo desde Tipo de documento Estado perdido Estado dañado No es para préstamo Retirado Ubicación permanente Ubicación actual Fecha de adquisición
15/05/2020   628.36/R78 Bib-Lima15051293 15/05/2020 Libros         Biblioteca Central Lima Biblioteca Central Lima 15/05/2020